Computer Concepts Basics
Offering a basic introduction to computers, this text covers computer hardware, software, input, applications skills, the Internet and Web page creation, careers, computer ethics and more. Step-by-step instructions along with numerous screen shots and illustrations help readers learn and master esse...
Đã lưu trong:
| 主要作者: | |
|---|---|
| 其他作者: | |
| 語言: | Undetermined English |
| 出版: |
Australia,Cambridge, MA
South-Western Computer Education
2001
|
| 主題: | |
| 標簽: |
添加標簽
沒有標簽, 成為第一個標記此記錄!
|
| Thư viện lưu trữ: | Trung tâm Học liệu Trường Đại học Trà Vinh |
|---|
| LEADER | 01031nam a2200265Ia 4500 | ||
|---|---|---|---|
| 001 | TVU_14830 | ||
| 008 | 210423s9999 xx 000 0 und d | ||
| 020 | |a 0538695013 | ||
| 020 | |a 9780538695015 | ||
| 041 | |a eng | ||
| 082 | |a 4 | ||
| 082 | |b P521 | ||
| 100 | |a Pusins, Dolores Wells | ||
| 245 | 0 | |a Computer Concepts Basics | |
| 245 | 0 | |c Dolores Wells-Pusins, Ann Ambrose | |
| 260 | |a Australia,Cambridge, MA | ||
| 260 | |b South-Western Computer Education | ||
| 260 | |c 2001 | ||
| 300 | |a xii, 370 p. | ||
| 300 | |b col. ill | ||
| 300 | |c 28 cm | ||
| 520 | |a Offering a basic introduction to computers, this text covers computer hardware, software, input, applications skills, the Internet and Web page creation, careers, computer ethics and more. Step-by-step instructions along with numerous screen shots and illustrations help readers learn and master essential computer concepts and skills | ||
| 650 | |a Computers | ||
| 700 | |a Dolores Wells-Pusins; Ann Ambrose | ||
| 980 | |a Trung tâm Học liệu Trường Đại học Trà Vinh | ||


